| 000 | 00458nam a22001937a 4500 | ||
|---|---|---|---|
| 005 | 20260602163720.0 | ||
| 008 | 260602b |||||||| |||| 00| 0 eng d | ||
| 020 |
_a9789354535062 _c895.00 |
||
| 040 | _aMAIN | ||
| 041 | _aEnglish | ||
| 082 |
_a530.15 _bGUP |
||
| 100 |
_aGupta, B.D. _914996 |
||
| 245 | _aMathematical Physics | ||
| 250 | _a4th | ||
| 260 |
_aNoida _bVikas _c2022 |
||
| 300 | _aV.P. | ||
| 650 |
_aPhysics (PM USHA) _926699 |
||
| 942 | _cBK | ||
| 999 |
_c60967 _d60967 |
||